000 00402cam a22001575a 4500
001 L137705
008 070424s1995 xxk f 000 0 eng d
020 _a0471958336
035 _a(Sirsi) u137705
041 0 _aeng
100 1 _aWilliams, Jonathan
245 0 0 _aGeographical information from space
260 _aJohn Wiley and Sons Ltd
_c1995
651 4 _aEngland and Wales
_y1543-
942 _n0
999 _c106878
_d106878